| 000 | 00562nam a2200193 a 4500 | ||
|---|---|---|---|
| 005 | 20210219153249.0 | ||
| 008 | 991125n 000 0 u | ||
| 035 | _aUPN01000087197 | ||
| 222 |
_aESCUELA ESPAÑOLA : _bPERIODICO PROFESIONAL DE EDUCACION |
||
| 245 | _aMás de la mitad de los toxicómanos se iniciaron con alcohol a los 13 años | ||
| 300 | _a[1(1333)] | ||
| 362 | _a1993 Año 53, no. 3158, sep. | ||
| 440 | 0 | _a1333 | |
| 653 | 0 | _aALCOHOLISMO | |
| 653 | 0 | _aDROGADICCION | |
| 653 | 0 | _aDROGADICTOS | |
| 904 |
_aAC _b025008 |
||
| 905 | _aArticulo | ||
| 999 |
_c72481 _d72481 |
||